000 00490nam a2200181Ia 4500
001 1883
005 20260306143801.0
008 260306t2011||||xx |||||||||||||| ||spa||
041 _aESP
082 _a158.1
_bB135
100 _aShahar, Tal Ben
_eAUT
245 0 _aLa búsqueda de la felicidad:
_bPor qué no serás feliz hasta que dejes de perseguir la perfección
260 _c2011
300 _a218 páginas :
_c21 cm.
650 _aGEN
654 _aCPS
942 _cLIB
_dJUS
_fJUS
_2ddc
_n
999 _c1883
_d1883